| 000 | 005060000a22001930004500 | ||
|---|---|---|---|
| 003 | LK-CoMWRAF | ||
| 005 | 20231103024323.0 | ||
| 008 | 230817t ||||| |||| 00| 0 eng d | ||
| 020 | _a8178982064 | ||
| 040 |
_aLK-CoMWRAF _dLK-CoMWRAF _eLK-CoMWRAF |
||
| 041 | _aeng | ||
| 082 |
_a823 _bKHA |
||
| 100 | _aKhan, Saniyasnain | ||
| 245 |
_aThe King's magicians : _bQuran stories for little hearts |
||
| 260 |
_aNew Delhi : _bGoodword, _c2004 |
||
| 300 | _a23p | ||
| 650 | _aQuran--Short stories | ||
| 942 | _cBK | ||
| 999 |
_c913 _d913 |
||